[Event "Challenge"]
[Site "http://www.queenalice.com/game.php?id=1066662"]
[Date "2012.6.1"]
[Round "-"]
[White "attiliottone"]
[Black "MEMD"]
[Result "0-1"]
[WhiteElo "1178"]
[BlackElo "1169"]

1. e4 e5 2. Nf3 f6 3. Bc4 Nc6 4. O-O Nh6 5. b3 Bd6 6. Nc3 f5 7. d3 Bb4 8. Bd2 d5
9. exd5 e4 10. Ng5 Ne5 11. a3 Bd6 12. Bb5+ c6 13. Ba4 b5 14. Nxb5 cxb5 15. Bxb5+
Bd7 16. Ne6 Qh4 17. Nxg7+ Kf8 18. g3 Nf3+ 19. Qxf3 Qh3 20. Qf4 Bxf4 21. Bb4+
Kxg7 22. Bxd7 Ng4 23. Bc3+ Kh6 24. Bxh8 Qxh2# 0-1

[Event "Pratiquian"]
[Site "http://www.queenalice.com/game.php?id=1066665"]
[Date "2012.6.1"]
[Round "-"]
[White "MEMD"]
[Black "favos"]
[Result "0-1"]
[WhiteElo "1191"]
[BlackElo "2082"]

1. e4 Nf6 2. e5 Nd5 3. d4 Nb6 4. Nf3 e6 5. Bd3 d5 6. c3 Be7 7. Nfd2 O-O 8. Nb3
a5 9. Qe2 Nc6 10. Qe3 a4 11. Qh3 g6 12. Bh6 axb3 13. Nd2 Re8 14. Nxb3 Nc4 15.
Nc1 Nxb2 16. Be2 Ra3 17. Nd3 Nc4 18. Nf4 Nxd4 19. Bd3 Rxc3 20. Rd1 Bb4 21. O-O
Nf5 22. Rb1 Nd2 23. Rxb4 Nxf1 24. Kxf1 Nxh6 25. Qxh6 c5 26. Nh5 Rc1+ 27. Ke2
gxh5 28. g4 f5 29. exf6 Qc7 30. Rf4 Rf8 31. g5 Qe5+ 32. Kf3 Rf7 33. Bxh7+ Rxh7
34. f7+ Rxf7 35. Qg6+ Qg7 36. Qxh5 Rc3+ 37. Kg4 e5+ 38. Rf5 Bxf5+ 39. Kh4 Rh3#
0-1

[Event "Pronde?!"]
[Site "http://www.queenalice.com/game.php?id=1067028"]
[Date "2012.6.2"]
[Round "-"]
[White "strutz"]
[Black "MEMD"]
[Result "0-1"]
[WhiteElo "2329"]
[BlackElo "1169"]

1. e4 e5 2. Bc4 Nf6 3. Nc3 c6 4. Nf3 b5 5. Bxf7+ Kxf7 6. Nxe5+ Ke8 7. O-O Bd6 8.
f4 g6 9. d3 b4 10. Ne2 Qb6+ 11. d4 Ba6 12. Be3 Nxe4 13. Rf3 g5 14. fxg5 Qb5 15.
c4 Qa5 16. b3 Rg8 17. Qd3 Nxg5 18. Bxg5 Rxg5 19. Qxh7 Bxe5 20. Qf7+ Kd8 21. dxe5
Qxe5 22. Raf1 Qxe2 23. Qf6+ Qe7 24. Qh8+ Kc7 25. Rf7 Qe3+ 26. Kh1 Qe4 27. Qh3
Bxc4 28. bxc4 Qxc4 29. Qe3 Qd5 30. R1f2 Na6 31. Qf4+ Kb6 32. Rd2 Qc5 33. Rdxd7
Re8 34. h4 Re1+ 35. Kh2 Qg1+ 0-1

[Event "Immer Lustig "]
[Site "http://www.queenalice.com/game.php?id=1068688"]
[Date "2012.6.6"]
[Round "-"]
[White "MEMD"]
[Black "strutz"]
[Result "0-1"]
[WhiteElo "1191"]
[BlackElo "2340"]

1. e4 c5 2. Nf3 Nc6 3. a4 g6 4. b3 Bg7 5. c3 d6 6. Bc4 Nf6 7. Ng5 O-O 8. Qf3 Bg4
9. Qg3 Ne5 10. f3 Bd7 11. d4 Nxc4 12. bxc4 Nh5 13. Qh4 h6 14. g4 Nf6 15. Nh3 g5
16. Qg3 cxd4 17. f4 Nxe4 18. Qd3 dxc3 19. Qxe4 c2 20. Nc3 Bxc3+ 21. Bd2 Bxa1 22.
fxg5 c1=Q+ 23. Bxc1 Qa5+ 24. Bd2 Qe5 25. Qxe5 Bxe5 26. gxh6 Rac8 27. Ng5 Rxc4
28. Rf1 Be8 29. Rf5 Rxg4 30. h4 Rxh4 31. h7+ Kg7 32. h8=Q+ Rfxh8 33. Nf3 Re4+
34. Kf2 Bf6 35. Ng5 Rxa4 36. Kg2 Ra2 37. Nf3 Bc6 38. Kg3 Bxf3 39. Rxf3 Rxd2 40.
Kg4 Rg2+ 41. Rg3 Rxg3+ 42. Kxg3 a5 43. Kf3 a4 44. Ke2 a3 45. Kd1 Rh2 46. Kc1 a2
47. Kd1 a1=R# 0-1

[Event "Challenge"]
[Site "http://www.queenalice.com/game.php?id=1070185"]
[Date "2012.6.9"]
[Round "-"]
[White "attiliottone"]
[Black "MEMD"]
[Result "0-1"]
[WhiteElo "1217"]
[BlackElo "1200"]

1. e4 e5 2. Nf3 d6 3. Bc4 Bg4 4. Qe2 Nf6 5. h3 Bh5 6. b4 Qd7 7. Ng5 Bxe2 8. Bxe2
Qc6 9. Na3 Nxe4 10. Bb5 Qxb5 11. Nxb5 Na6 12. Nxe4 O-O-O 13. Nxa7+ Kb8 14. Nb5
f5 15. Ng5 Rd7 16. Rg1 Nxb4 17. Kd1 d5 18. a3 Nc6 19. Ne6 Be7 20. g4 Bh4 21. Rf1
Rf8 22. Nxf8 Rf7 23. Nxh7 fxg4 24. hxg4 e4 25. a4 Nd4 26. Nxd4 g5 27. Nxg5 Bxg5
28. d3 e3 29. fxe3 Rxf1+ 30. Kd2 c5 31. Ne6 Bf6 32. c3 d4 33. Ba3 dxc3+ 34. Ke2
Rxa1 35. Bxc5 c2 36. Nd8 c1=Q 37. Bd6+ Kc8 38. Kf3 Kxd8 39. e4 Qg1 40. d4 Rf1+
41. Ke2 Qxg4+ 42. Ke3 Qf3+ 43. Kd2 Bxd4 44. e5 Qd1# 0-1

[Event "Noch Ein Mal??"]
[Site "http://www.queenalice.com/game.php?id=1071223"]
[Date "2012.6.12"]
[Round "-"]
[White "MEMD"]
[Black "strutz"]
[Result "0-1"]
[WhiteElo "1191"]
[BlackElo "2348"]

1. e4 e5 2. Nf3 Nc6 3. c3 Nf6 4. Qb3 Be7 5. d3 O-O 6. Be2 d5 7. Be3 dxe4 8. Nh4
exd3 9. Bf3 e4 10. Bd1 Nd5 11. Nf5 Bxf5 12. Qxb7 Ne5 13. Bd4 Ng6 14. Bb3 Nf6 15.
f3 exf3 16. Qxf3 c5 17. Bxf6 Bxf6 18. Qxf5 Re8+ 19. Kd1 Re2 20. Bc4 Qe7 21. Bxd3
Rd8 22. Nd2 Qe3 23. Kc2 Rxd2+ 24. Kb3 Rb8+ 25. Ka3 Qxd3 26. Qxc5 Qa6+ 27. Qa5
Qxa5# 0-1

[Event "SOH EIN TACH"]
[Site "http://www.queenalice.com/game.php?id=1072549"]
[Date "2012.6.16"]
[Round "-"]
[White "MEMD"]
[Black "strutz"]
[Result "0-1"]
[WhiteElo "1191"]
[BlackElo "2357"]

1. e4 d5 2. exd5 Qxd5 3. Nf3 Nf6 4. b3 Bg4 5. Nc3 Qd8 6. Bc4 e6 7. Qe2 Be7 8. h3
Bxf3 9. Qxf3 c6 10. Bb2 O-O 11. Bd3 Nbd7 12. Ne4 Qc7 13. h4 h6 14. g4 Ne5 15.
Nxf6+ Bxf6 16. Qf4 Nxd3+ 17. cxd3 Qxf4 18. O-O-O Bxb2+ 19. Kxb2 Qxg4 0-1

[Event "Wass du wiltz..."]
[Site "http://www.queenalice.com/game.php?id=1073554"]
[Date "2012.6.18"]
[Round "-"]
[White "MEMD"]
[Black "strutz"]
[Result "0-1"]
[WhiteElo "1200"]
[BlackElo "2356"]

1. d4 Nf6 2. Nc3 d5 3. Bf4 g6 4. Nb5 Na6 5. e3 Bg7 6. Qd3 O-O 7. O-O-O Bf5 8. e4
Nxe4 9. Qf3 c6 10. g4 Bd7 11. Nc3 Nxc3 12. Qxc3 Bxg4 13. f3 Bd7 14. Re1 Nc7 15.
Qc5 Ne6 16. Qb4 Nxf4 17. Rxe7 Ne6 18. Qd6 Bc8 19. Qa3 Bf6 20. Rxe6 Bxe6 21. f4
Qc7 22. Ne2 Bg4 23. Rg1 Bxe2 24. Bxe2 Qxf4+ 25. Kd1 Qxd4+ 26. Bd3 Qxg1+ 27. Kd2
Rfe8 0-1

[Event "Challenge"]
[Site "http://www.queenalice.com/game.php?id=1073762"]
[Date "2012.6.19"]
[Round "-"]
[White "david_kasparov"]
[Black "MEMD"]
[Result "0-1"]
[WhiteElo "1563"]
[BlackElo "1238"]

1. e4 Nf6 2. Nc3 e6 3. a3 Nh5 4. Nf3 Bc5 5. Bc4 d5 6. exd5 g5 7. O-O g4 8. Ne5
exd5 9. Bxd5 Qg5 10. Bxf7+ Ke7 11. Nd5+ Kd6 12. Nc4+ Kc6 13. Nc3 Qh4 14. Bd5+
Kd7 15. Qe2 Re8 16. Qd3 b5 17. Bxa8+ Ke7 18. Re1+ Be6 19. Nd5+ Kf8 20. Rxe6
Qxf2+ 21. Kh1 Qg1# 0-1

[Event "Zebra"]
[Site "http://www.queenalice.com/game.php?id=1074736"]
[Date "2012.6.21"]
[Round "-"]
[White "MEMD"]
[Black "favos"]
[Result "0-1"]
[WhiteElo "1217"]
[BlackElo "2099"]

1. d4 Nf6 2. Bf4 e6 3. g3 c5 4. Nc3 Nc6 5. e3 d5 6. Qd2 Nh5 7. e4 cxd4 8. Nb5
Nxf4 9. Qxf4 Qa5+ 10. c3 e5 11. Qg5 dxc3 12. bxc3 a6 13. exd5 axb5 14. dxc6
Qxc3+ 15. Ke2 Qxa1 16. Bg2 Rxa2+ 17. Kf3 Qd1+ 18. Ke4 Re2+ 19. Nxe2 Qxe2+ 20.
Kd5 Be6# 0-1

[Event "still"]
[Site "http://www.queenalice.com/game.php?id=1075206"]
[Date "2012.6.23"]
[Round "-"]
[White "favos"]
[Black "MEMD"]
[Result "1-0"]
[WhiteElo "2007"]
[BlackElo "1246"]

1. f4 d5 2. Nf3 Nf6 3. d4 Bg4 4. Nc3 e6 5. h3 Bf5 6. Be3 Nc6 7. Ne5 Nxe5 8. fxe5
Ne4 9. Nxe4 Bxe4 10. c3 Qh4+ 11. Bf2 Qg5 12. e3 Bxg2 13. Rg1 O-O-O 14. Bxg2 f6
15. Bxd5 Qf5 16. exf6 exd5 17. fxg7 Bxg7 18. Rxg7 Rhf8 19. Qg4 c5 20. Bg3 Rde8
21. Rc7+ Kd8 22. Qh4+ Rf6 23. Bf4 Rxe3+ 24. Bxe3 Kxc7 25. Qg3+ Kc6 26. O-O-O Qe4
27. Qe5 Rf3 28. Qxe4 dxe4 29. Re1 Rxh3 30. dxc5 h5 31. Bf2 Rh2 32. Bd4 h4 33.
Rxe4 h3 34. Re6+ Kb5 35. Re7 Rh1+ 36. Kc2 Rf1 37. Rxb7+ Ka6 38. Rh7 Rh1 39. c6
h2 40. Rxa7+ Kb5 41. Rh7 Kxc6 42. Be5 Kd5 43. Rxh2 Rxh2+ 44. Bxh2 Ke4 45. a4 Ke3
46. a5 Ke2 47. a6 Kf2 48. a7 Kg2 49. Bd6 Kf1 50. a8=Q Ke1 51. Qe4+ Kf1 52. Qf3+
Kg1 53. Bc5+ Kh2 54. Bd6+ Kg1 55. Qe3+ Kf1 56. Bh2 Kg2 57. Qg3+ Kf1 58. Qf3+ Ke1
59. Bg3# 1-0

[Event "Challenge"]
[Site "http://www.queenalice.com/game.php?id=1076188"]
[Date "2012.6.25"]
[Round "-"]
[White "Rogerio11"]
[Black "MEMD"]
[Result "0-1"]
[WhiteElo "1264"]
[BlackElo "1215"]

1. e4 e5 2. Bc4 Nf6 3. a4 Nxe4 4. Qf3 d5 5. Bb3 c6 6. c4 Qb6 7. cxd5 cxd5 8.
Bxd5 Bc5 9. Qxf7+ Kd8 10. Qxg7 Nxf2 11. Qxh8+ Kd7 12. Qxh7+ Kd6 13. Nc3 Nxh1 14.
Qh8 Bg4 15. Nb5+ Kxd5 16. Qg8+ Be6 17. Qh8 Bxg1 18. d3 Qf2+ 19. Kd1 Bg4# 0-1

[Event "Challenge"]
[Site "http://www.queenalice.com/game.php?id=1080952"]
[Date "2012.7.9"]
[Round "-"]
[White "attiliottone"]
[Black "MEMD"]
[Result "0-1"]
[WhiteElo "1232"]
[BlackElo "1267"]

1. d4 d5 2. e3 e6 3. Nf3 f6 4. c4 c6 5. c5 Qa5+ 6. Bd2 Qc7 7. Nc3 e5 8. Be2 exd4
9. exd4 g6 10. O-O Nh6 11. Qc1 g5 12. h4 Ng4 13. hxg5 fxg5 14. Nxg5 Qh2# 0-1

[Event "problems"]
[Site "http://www.queenalice.com/game.php?id=1083793"]
[Date "2012.7.18"]
[Round "-"]
[White "MEMD"]
[Black "strutz"]
[Result "0-1"]
[WhiteElo "1261"]
[BlackElo "2260"]

1. e4 Nf6 2. g4 Nxe4 3. Bc4 d5 4. Bb5+ c6 5. Ba4 g6 6. Nf3 Bxg4 7. h3 Bxf3 8.
Qxf3 Bh6 9. d3 Bxc1 10. dxe4 Bxb2 11. exd5 Bxa1 12. Nd2 O-O 13. O-O Bg7 14. dxc6
Nxc6 15. Qg3 Qxd2 16. f4 Qd4+ 17. Rf2 Qxa4 18. f5 Bd4 19. fxg6 Bxf2+ 20. Kxf2
fxg6+ 21. Kg2 Qxc2+ 22. Kg1 Qd1+ 23. Kg2 Qf1+ 24. Kh2 Rf2+ 25. Qxf2 Qxf2+ 26.
Kh1 Rd8 27. h4 Rd1# 0-1

[Event "Challenge"]
[Site "http://www.queenalice.com/game.php?id=1086560"]
[Date "2012.7.25"]
[Round "-"]
[White "david_kasparov"]
[Black "MEMD"]
[Result "0-1"]
[WhiteElo "1554"]
[BlackElo "1232"]

1. e4 Nf6 2. Nc3 e5 3. a3 Bc5 4. Nf3 Nc6 5. Bb5 Ng4 6. O-O Nd4 7. Bc4 h5 8. h3
Nxf3+ 9. Qxf3 Nh6 10. d3 g5 11. Ne2 g4 12. hxg4 hxg4 13. Qg3 d6 14. b4 Bb6 15.
a4 a5 16. Bd2 f5 17. Nc3 f4 18. Bxf4 exf4 19. Qxf4 Bd4 20. Qd2 Qh4 21. Rae1 g3
22. Nd1 Qh2# 0-1

[Event "Challenge"]
[Site "http://www.queenalice.com/game.php?id=1087178"]
[Date "2012.7.26"]
[Round "-"]
[White "vangogh"]
[Black "MEMD"]
[Result "1-0"]
[WhiteElo "1399"]
[BlackElo "1244"]

1. e4 Nf6 2. Qf3 e5 3. Bc4 Bc5 4. d3 h5 5. Bg5 c6 6. Nc3 Qa5 7. Bxf6 Ba3 8. Bxg7
Bxb2 9. Qxf7+ Kd8 10. Ne2 Bxc3+ 11. Nxc3 Qxc3+ 12. Ke2 Qxc2+ 13. Ke3 Re8 14.
Qf6+ Kc7 15. Qf7 b5 16. Qxe8 bxc4 17. Bxe5+ d6 18. Qe7+ Nd7 19. Bxd6+ Kb6 20.
Rhb1+ Ka5 21. Bb4+ Ka4 22. Qd8 Qxd3+ 23. Kf4 c5 24. Qa5# 1-0

[Event "15 é 10"]
[Site "http://www.queenalice.com/game.php?id=1088976"]
[Date "2012.7.31"]
[Round "-"]
[White "MEMD"]
[Black "favos"]
[Result "0-1"]
[WhiteElo "1234"]
[BlackElo "2002"]

1. e4 e5 2. Bc4 Nc6 3. Nf3 Bc5 4. h4 Nf6 5. Ng5 O-O 6. Qf3 Nd4 7. Qc3 h6 8. b4
Bb6 9. Nf3 Nxe4 10. Qb2 Nxf3+ 11. gxf3 Nxf2 12. O-O Nd1+ 13. Kg2 Nxb2 14. Bxb2
Qxh4 15. Bxe5 Qxc4 16. Nc3 d6 17. Bg3 Bd4 18. Rae1 Bxc3 19. dxc3 f5 20. Bf2 Rf6
21. Re7 Rg6+ 22. Kh3 Qxf1+ 23. Kh4 Qh1# 0-1

[Event "Challenge"]
[Site "http://www.queenalice.com/game.php?id=1093811"]
[Date "2012.8.16"]
[Round "-"]
[White "vangogh"]
[Black "MEMD"]
[Result "0-1"]
[WhiteElo "1400"]
[BlackElo "1261"]

1. e4 e5 2. Qf3 Bc5 3. Bc4 Qf6 4. g4 Nh6 5. g5 Qxg5 6. Nh3 Qg4 7. Ng1 Nc6 8. d3
Nd4 9. h3 Nxf3+ 10. Ke2 Nxg1+ 11. Kd2 Qe2+ 12. Kc3 Qxf2 13. b4 Ne2+ 14. Kb2 Bxb4
15. a3 Qd4+ 16. Ka2 Nc3+ 17. Kb3 Qb6 18. axb4 d5 19. exd5 Qd4 20. Nxc3 b5 21.
Nxb5 Qxa1 22. Nxc7+ Ke7 23. Nxa8 Bd7 24. Nc7 Ba4# 0-1

[Event "Challenge"]
[Site "http://www.queenalice.com/game.php?id=1107314"]
[Date "2012.9.28"]
[Round "-"]
[White "MEMD"]
[Black "Martial"]
[Result "0-1"]
[WhiteElo "1278"]
[BlackElo "1585"]

1. e4 e5 2. Bc4 Bc5 3. Qh5 Qf6 4. Nf3 d6 5. Ng5 g6 6. Qf3 Be6 7. Qxf6 Nxf6 8.
Bxe6 fxe6 9. Nxe6 Kd7 10. Nxc5+ dxc5 11. d4 cxd4 12. Bg5 Nxe4 13. Bf6 Rf8 14.
Bxe5 Rxf2 15. Bxd4 Rxg2 16. Rf1 Nc6 17. Rf7+ Ke6 18. Rf4 Rg1+ 19. Ke2 Nxd4+ 20.
Ke3 Re1+ 21. Kxd4 Rd8+ 22. Kc4 Nd6+ 23. Kc5 Re5+ 24. Kb4 a5+ 25. Kc3 Nb5+ 26.
Kb3 Nd4+ 27. Kc3 Ne2+ 28. Kb3 Nxf4 29. Nd2 Rb5+ 30. Ka4 Rxb2 31. Re1+ Kf5 32.
Re4 Rxd2 0-1

[Event "Challenge"]
[Site "http://www.queenalice.com/game.php?id=1107315"]
[Date "2012.9.28"]
[Round "-"]
[White "MEMD"]
[Black "Martial"]
[Result "0-1"]
[WhiteElo "1283"]
[BlackElo "1570"]

1. e4 e5 2. Bc4 Bc5 3. Qh5 Qf6 4. g4 Qxf2+ 5. Kd1 Nc6 6. d4 Qxd4+ 7. Nd2 g6 8.
Qh4 d6 9. Nf3 Qe3 10. Nf1 Qxf3+ 11. Ke1 Bxg4 12. Ng3 Qf2# 0-1